000 00715cam a22002533a 4500
001 3629
003 PGUSA
005 20140828083035.0
008 030101s2003||||xxu|||||s|||||000 1 eng d
040 _aPGUSA
_beng
042 _adc
050 4 _aPS
100 1 _aDreiser, Theodore,
_d1871-1945
245 1 4 _aThe Titan
_h[electronic resource] /
_cTheodore Dreiser
260 _bProject Gutenberg,
_c2003
506 _aPublic domain in the USA.
516 _aElectronic text
653 _aChicago (Ill.) -- Fiction
653 _aCapitalists and financiers -- Fiction
653 _aPsychological fiction
830 0 _aProject Gutenberg
_v3629
856 4 0 _uhttp://www.gutenberg.org/ebooks/3629
942 _cEB
999 _c232958
_d232958